| 000 | 01053nam0a22002651 4500 | ||
|---|---|---|---|
| 001 | rc\846252 | ||
| 005 | 20041129092457.0 | ||
| 035 | _a(NLR Aleph) 006027180 | ||
| 090 |
_a7490354 _c7490354 |
||
| 100 | _a20041129d1984 u |0rusy50 ca | ||
| 101 | 0 | _arus | |
| 102 | _aRU | ||
| 105 | _ay ||||||||| | ||
| 200 | 1 |
_aЛичное и коллективное _e(Опыт орг. коллектив. подряда в растениеводстве в колхозе "Кама" Рыбно-Слобод. р-на) |
|
| 210 |
_aКазань _cТатар. кн. изд-во _d1984 |
||
| 215 |
_a8 с. _d20 |
||
| 225 | 1 |
_aКоллективный подряд в селах Татарии _v[2] |
|
| 300 | _aВлож. с 11-ю др. кн. в обертку с загл. сер. | ||
| 700 | 1 |
_aМиргунов _bХ. М. _gХамит Мухамметович |
|
| 701 | 1 |
_aШамарданов _bГ. Ш. _gГабдразак Шамарданович |
|
| 801 | 0 |
_aRU _bNLR _gpsbo |
|
| 801 | 1 |
_aRU _bELAR _2rusmarc |
|
| 852 |
_aNLR _j85-4/16259 |
||
| 942 | _cBOOK | ||
| 980 | _aNB | ||